| 000 | 01054nam a2200241 u 4500 | ||
|---|---|---|---|
| 001 | 000628740 | ||
| 003 | AM-YeHGA | ||
| 005 | 20250617140348.0 | ||
| 008 | 090203s1981 ru |||||r|||||000|0|rus|d | ||
| 040 | _aAM-YeHGA | ||
| 041 | 0 | _arus | |
| 100 | 1 | _aЛупандин, Анатолий Васильевич | |
| 245 | 1 | 0 |
_aЛимонник / _cА.В. Лупандин, И.И. Лапаев ; Под ред. П.Ф. Коновалова. |
| 260 |
_aХабаровск : _bКн. изд-во, _c1981. |
||
| 300 |
_a128 с. : _bил., табл. ; _c20 см. |
||
| 504 | _aСписок лит.: с. 119-126 | ||
| 650 | 1 | 4 |
_aЛекарственные растения _xКлассификация _xФармакология _xТерапевтическое применение |
| 650 | 1 | 4 | _aАралиевые |
| 650 | 1 | 4 |
_aЛимонник _xТерапевтическое применение _xПрием и дозировка |
| 700 | 1 | _aЛапаев, Иван Иванович | |
| 700 | 1 |
_aКоновалов, П.Ф. _eред. _4edt |
|
| 090 | _c219999 | ||
| 999 |
_c218471 _d218471 |
||